000 01534nam1a22003851 4500
001 RU\NLR\A1\29596
005 20251203152403.2
035 _a(NLR Aleph) 009682132
090 _a9706023
_c9706023
100 _a20011115d1791 u y0rusy50 ca
101 1 _arus
_cfre
102 _aRU
200 1 _aПродолжение Тысячи и одной ночи, сказок арабских, привезенных во Францию доном Денисом Шавис, урожденным арабом, которыя и напечатаны на французском языке в 1789 году
210 _aСПб.
_cИждивением И.К.Шнора
_d1791
215 _d
305 _aВ др. пер. изд. в Москве в 1794 г.
321 1 _aСК XVIII 5697
463 0 _1001RU\NLR\A1\29597
_913476046
_p185 с.
_tТ.1
463 0 _1001RU\NLR\A1\29598
_913476047
_p189 с.
_tТ.2
620 _dСанкт-Петербург
702 1 _6z01702
_6z02790
_aШави
_bД.
_gДени
_4570
702 1 _6z01702
_aChavis
_bD.
_gDenis
_7ba
702 1 _6z03702
_aШнор
_bИ.К.
_f1738-1812
_gИоганн Карл
_4610
_4400
702 1 _6z03702
_aSchnoor
_bJ.K.
_gJohann Karl
_7ba
712 0 0 _aШнор
_gИ.К.
_hТипография
_cСанкт-Петербург
_4610
790 1 _6z02702
_aШавис
_gДенис
_4570
801 0 _aRU
_bNLR
_c20011115
899 _aБАН
899 _aГПИБ
899 _aБАН
899 _aГПИБ
942 _cBOOK
980 _aNB
980 _aA1XVIIIv